000 00408nam a2200097Ia 4500
008 180130s9999 xx 000 0 und d
245 _cHayes, Michael A.; Capretz, Miriam A.M.
_aContextual anomaly detection framework for big sensor data
260 _c2016
300 _aBook title: Big data analytics : (database management systems)--Acession number C20736; pages 94-115
650 _aDATABASE MANAGEMENT SYSTEMS
999 _c354388
_d354388